| 000 | 00571nam a2200229Ia 4500 | ||
|---|---|---|---|
| 003 | GCL | ||
| 008 | 140319s9999 xx 000 0 eng d | ||
| 040 |
_aGCL / _cGCL |
||
| 082 | 0 | 4 |
_a746.043950 _bS T |
| 100 | 1 | _aTILDEN, JILL | |
| 245 | 1 | 0 |
_aSILK AND STONE: THE ART OF ASIA / _cTILDEN, JILL |
| 700 | 1 | _aSCOTT, SHEILA | |
| 700 | 1 | _aSHAFFER, DANIEL | |
| 260 |
_a[S.N] : _bHALI PUBLICATIONS LIMITED ، _c1996 |
||
| 300 | _a228 P | ||
| 650 | 0 | 4 | _aTEXTILE |
| 650 | 0 | 4 | _aNEDDLE WORKS |
| 650 | 0 | 4 | _aARTS - ASIA |
| 650 | 0 | 4 | _aARTS |
| 650 | 0 | 4 | _aSILK |
| 942 |
_2ddc _cBK |
||
| 999 |
_c14466 _d14466 |
||